000
00213 a2200097 4500
001
22684
100
_a
Tweney, C F
245
_a
chambers Technical Dictionary
260
_a
_b
Chamber
_c
1963
090
_c
15333
_d
15333
942
_a
NUST-CAE
_c
M
_c
5929
999
_c
257757
_d
257757